| 000 | 01159cam a22003257a 4500 | ||
|---|---|---|---|
| 003 | CHAP | ||
| 005 | 20220329134439.0 | ||
| 008 | 971013s1970 r 00010 d | ||
| 010 | _a20601 | ||
| 011 | _a21573 | ||
| 035 | _a25663 | ||
| 040 | _cCHAP | ||
| 090 | _aTesis | ||
| 100 | 0 | 0 |
_aCepeda, María Enriqueta. _921322 |
| 245 | 1 | 3 | _aEl papel del crédito en la compra de bienes de consumo durables y no durables de las familias de la zona metropolitana de Monterrey (estrato medio) |
| 260 |
_aMonterrey, N.L. : _bEl autor, _c1970 |
||
| 300 |
_a26 h. _b: apénd. |
||
| 502 | _aTesis (Lic. en Economía) -- Univ. Autónoma de Nuevo León. Fac. de Economía | ||
| 590 |
_aALEPH _b10 _c20130110 _lUCH01 _h1244 |
||
| 590 |
_aBATCH-UPD _b10 _c20130110 _lUCH01 _h0147 |
||
| 590 |
_aBATCH-UPD _b10 _c20130110 _lUCH01 _h2256 |
||
| 590 |
_aBATCH-UPD _b10 _c20130409 _lUCH01 _h2147 |
||
| 590 |
_aBATCH-UPD _b10 _c20130410 _lUCH01 _h1549 |
||
| 590 |
_aBATCH-UPD _b10 _c20130914 _lUCH01 _h1103 |
||
| 590 |
_aCONVERSION _b10 _c20130109 _lUCH01 _h1312 |
||
| 650 | 1 | 4 |
_aCrédito al consumidor. _929092 |
| 901 | _aBK | ||
| 942 | _cTESIS | ||
| 949 |
_bBC _cTES _d-59159 _eTS1 _i25663 _si |
||
| 999 |
_c20601 _d20601 |
||